Carlos Fuentes : perspectivas críticas /

Compilación de trabajos presentados en el primer Coloquio Literario de la Feria Internacional del Libro de Monterrey, celebrado en 2001 en torno a la obra de Carlos Fuentes. El compendio es ampliado con colaboraciones ajenas al Coloquio, pero los distintos ensayos que lo componen comparten el propós...

Szczegółowa specyfikacja

Zapisane w:
Opis bibliograficzny
Korporacja: Coloquio Literario de la Feria Internacional del Libro de Monterrey ( Monterrey, México)
Kolejni autorzy: Popovic Karic, Pol (compilación) (compilación), Labastida, Jaime (introducción) (introducción)
Format: Materiały konferencyjne Książka
Język:hiszpański
Wydane: México : Monterrey, México : Siglo XXI ; Instituto Tecnológico y de Estudios Superiores de Monterrey, 2002, c2002
Seria:(Lingüística y Teoría Literaria)
Hasła przedmiotowe:
Etykiety: Dodaj etykietę
Nie ma etykietki, Dołącz pierwszą etykiete!

MARC

LEADER 00000nam^a2200000^a^4500
001 000146461
005 20250521000000.0
009 20260310095911.729
020 |a 968-23-2424-6 
037 |a Acervo ITESO - Biblioteca 
041 |a ESP 
082 |a 809.  |b COL 2001 
111 |a Coloquio Literario de la Feria Internacional del Libro de Monterrey (  |n 1o :  |d 2001 :  |c Monterrey, México) 
245 1 0 |a Carlos Fuentes :  |b perspectivas críticas /  |c Comp. de P. Popovic Karic ; introd. de J. Labastida. 
264 4 |a México :  |b Siglo XXI ;  |a Monterrey, México :  |b Instituto Tecnológico y de Estudios Superiores de Monterrey,  |c 2002, c2002 
300 |a 189 p. 
336 |a texto  |b txt  |2 rdacontenido 
337 |a sin mediación  |b n  |2 rdamedio 
338 |a volumen  |b nc  |2 rdasoporte 
440 1 |a (Lingüística y Teoría Literaria) 
520 |a Compilación de trabajos presentados en el primer Coloquio Literario de la Feria Internacional del Libro de Monterrey, celebrado en 2001 en torno a la obra de Carlos Fuentes. El compendio es ampliado con colaboraciones ajenas al Coloquio, pero los distintos ensayos que lo componen comparten el propósito de producir nuevas formas de acercamiento, relectura o interpretación a las creaciones del escritor mexicano. Las novelas La región más transparente (1958), Terra nostra (1975), La cabeza de la hidra (1978), Gringo viejo (1985) e Instinto de Inez (2001) y la obra de teatro El tuerto es rey (1970) se cuentan entre los títulos específicos que son objeto de estudio por parte de los participantes en el Coloquio, aunque también son incluidas aproximaciones más generales sobre las mujeres en la literatura de Fuentes, la relación de este escritor y de Latinoamérica con la tradición europea o su producción ensayística en torno al cine y a la pintura. 
545 0 |a Carlos Fuentes (Panamá, 1928 - México, 2012) es sin duda una de las figuras intelectuales más influyentes del México del siglo XX. Calificado por la crítica como un renovador de la narrativa mexicana, introdujo en la literatura nacional los mejores rasgos de las vanguardias europeas, en obras caracterizadas por el uso de un lenguaje audaz lleno de neologismos y palabras extranjeras, pero igualmente subsidiarias del acontecer nacional. La obra de Fuentes da voz al inconsciente colectivo mexicano y a la problemática socio-política del país, en un abordaje recurrente de la identidad nacional. Recibió numerosos premios, entre los que destacan: el Premio Biblioteca Breve (1967), el Premio Xavier Villaurrutia (1976), el Premio Nacional de Ciencias y Artes en Literatura (1984), el Premio Cervantes (1987), la Legión de Honor francesa (1992), el Premio Príncipe de Asturias de las Letras (1994) y la Medalla Belisario Domínguez (1999). Su obra incluye títulos como La región más transparente (1958), La muerte de Artemio Cruz (1962), Aura (1962), Cantar de ciegos (1964), Cambio de piel (1967), Tiempo mexicano (1971), Terra nostra (1975), La cabeza de la hidra (1978), Gringo viejo (1985), Cristóbal Nonato (1987), El espejo enterrado (1992), El naranjo (1994), Diana o la cazadora solitaria (1994), La frontera de cristal (1995), Los años con Laura Díaz (1999), Instinto de Inez (2001), Todas las familias felices (2006) y La voluntad y la fortuna (2008), entre otros. 
649 |a XX 
650 |a Literatura -  |x Congresos 
650 |a Escritores Mexicanos 
650 |a Mujeres en la Literatura 
650 |a Padres 
650 |a Personajes Literarios 
650 |a Paternidad 
650 |a Relaciones Interculturales -  |z Europa-Latinoamérica 
650 |a Cine -  |x Historia y Crítica 
650 |a Pintura Española -  |x Historia y Crítica 
650 |a Arte Español -  |x Historia y Crítica 
650 |a Arte en la Literatura 
650 |a Ensayos Mexicanos -  |x Historia y Crítica 
650 |a Teatro Mexicano -  |x Historia y Crítica 
650 |a Novela Mexicana -  |x Historia y Crítica 
650 |a Literatura Mexicana -  |x Historia y Crítica 
650 |a Literatura Mexicana -  |y Siglo XX 
650 |a Fuentes, Carlos 
700 |a Popovic Karic, Pol  |e (compilación) 
700 |a Labastida, Jaime  |e (introducción) 
910 |a Fondo General 
920 |a Impresos - Libros 
930 |a Colección General 
940 |a Literatura 
905 |a 101 
901 |a 0500075636  |b IT1  |c LIT  |u 20250521 
901 |a 0500160067  |b IT1  |c LIT  |u 20250521 
902 |a https://opac.biblio.iteso.mx/vufind/Record/000146461